[Event "114th YMCA Autumn D"]
[Site "Chylice"]
[Date "2012.09.17"]
[Round "1"]
[White "Golecki, Jan"]
[Black "Rozycki, Wojciech"]
[Result "1-0"]
[WhiteElo "1354"]
[BlackElo "1447"]
[PlyCount "75"]
[EventDate "2012.09.17"]
[EventType "tourn"]
[EventRounds "1"]
[EventCountry "POL"]
[SourceDate "2012.09.17"]

1. e4 e6 2. d4 d5 3. Nc3 Bb4 4. e5 c5 5. a3 Bxc3+ 6. bxc3 Ne7 7. Bg5 b6 8. Ne2
Ba6 9. Ng3 h6 10. Bxa6 Nxa6 11. Bxe7 Qxe7 12. Qe2 Nc7 13. O-O O-O 14. a4 a6 15.
f4 b5 16. a5 Rfc8 17. f5 Ne8 18. fxe6 fxe6 19. Qh5 cxd4 20. cxd4 Rxc2 21. Qg6
Rc4 22. Nh5 Rxd4 23. Nf6+ Nxf6 24. exf6 Qf7 25. Qg3 h5 26. Rac1 Rg4 27. Qe5 Re4
28. Qg3 Rc4 29. Rxc4 bxc4 30. Qg5 g6 31. Rb1 Qa7+ 32. Kh1 Kf7 33. Rf1 Rh8 34.
Qe5 Qc5 35. Rb1 Rf8 36. Rb7+ Kg8 37. Qg5 Qe7 38. Rxe7 1-0

[Event "114th YMCA Autumn D"]
[Site "Chylice"]
[Date "2012.09.24"]
[Round "1"]
[White "Rylska, Kamila"]
[Black "Gajda, Stanislaw"]
[Result "0-1"]
[WhiteElo "1361"]
[BlackElo "1637"]
[PlyCount "90"]
[EventDate "2012.09.17"]
[EventType "tourn"]
[EventRounds "1"]
[EventCountry "POL"]
[SourceDate "2012.09.17"]

1. e4 e5 2. Nf3 Nf6 3. Nc3 Nc6 4. d4 exd4 5. Nxd4 Bc5 6. Be3 Bb6 7. Bb5 Nxd4 8.
Bxd4 c6 9. Bc4 d6 10. e5 dxe5 11. Bxe5 Qe7 12. Qd6 Bxf2+ 13. Kxf2 Ng4+ 14. Ke1
Qxe5+ 15. Qxe5+ Nxe5 16. Bb3 O-O 17. Rd1 Re8 18. Kd2 Be6 19. Bxe6 Rxe6 20. Kc1
Rae8 21. Rhe1 Ng6 22. Rxe6 Rxe6 23. Rd7 Re7 24. Rd8+ Nf8 25. Na4 b6 26. Rc8 c5
27. Nc3 f6 28. Nb5 a6 29. Nd6 Re2 30. Rc6 Rxg2 31. Rxb6 Rxh2 32. Rxa6 Re2 33.
a4 h5 34. Nf5 g6 35. Nh4 g5 36. Nf5 Nh7 37. Rc6 Re5 38. Rc8+ Nf8 39. Nh6+ Kg7
40. a5 g4 41. a6 g3 42. a7 g2 43. a8=Q g1=Q+ 44. Kd2 Qe3+ 45. Kd1 Qe1# 0-1

[Event "114th YMCA Autumn D"]
[Site "Chylice"]
[Date "2012.09.25"]
[Round "1"]
[White "Duniec, Mateusz"]
[Black "Golecka, Jadwiga"]
[Result "1-0"]
[WhiteElo "1617"]
[BlackElo "1280"]
[PlyCount "41"]
[EventDate "2012.09.17"]
[EventType "tourn"]
[EventRounds "1"]
[EventCountry "POL"]
[SourceDate "2012.09.17"]

1. e4 e5 2. Nf3 Nc6 3. Bc4 Bc5 4. c3 Nf6 5. d4 exd4 6. cxd4 Bb4+ 7. Nc3 d5 8.
exd5 Nxd5 9. O-O Bxc3 10. bxc3 O-O 11. Re1 Bg4 12. Ba3 Nce7 13. h3 Bh5 14. Re5
Bxf3 15. Qxf3 c6 16. Rae1 Re8 17. Bxd5 cxd5 18. Rxe7 Rxe7 19. Rxe7 a5 20. Qxf7+
Kh8 21. Qxg7# 1-0

[Event "114th YMCA Autumn D"]
[Site "Chylice"]
[Date "2012.09.20"]
[Round "1"]
[White "Wisniewski, Jacek"]
[Black "Moscicka, Pola"]
[Result "1-0"]
[WhiteElo "1438"]
[BlackElo "1399"]
[PlyCount "77"]
[EventDate "2012.09.17"]
[EventType "tourn"]
[EventRounds "1"]
[EventCountry "POL"]
[SourceDate "2012.09.17"]

1. e4 c5 2. Nf3 d6 3. d4 cxd4 4. Nxd4 Nf6 5. Nc3 g6 6. f3 Bg7 7. Be3 O-O 8. Be2
Nc6 9. Qd2 Bd7 10. O-O-O Rc8 11. g4 Ne5 12. Rdg1 Nc4 13. Bxc4 Rxc4 14. h4 Qa5
15. Nb3 Qa6 16. Kb1 Rfc8 17. h5 b5 18. Rc1 b4 19. Nd5 Nxd5 20. Qxd5 R8c6 21.
hxg6 hxg6 22. Bh6 Be6 23. Qa5 Qc8 24. Bxg7 Kxg7 25. Qg5 f6 26. Qh6+ Kf7 27.
Qh7+ Ke8 28. Qxg6+ Kd7 29. Na5 Ra6 30. Nxc4 Rxa2 31. Kxa2 Qxc4+ 32. b3 Qa6+ 33.
Kb1 Qa3 34. Rh2 a5 35. Qh5 a4 36. Qb5+ Kc7 37. Qxa4 Kb6 38. Qxa3 bxa3 39. Ka2
1-0

[Event "114th YMCA Autumn D"]
[Site "Chylice"]
[Date "2012.09.17"]
[Round "1"]
[White "Chylewski, Patryk"]
[Black "Piotrowicz, Jakub"]
[Result "1-0"]
[WhiteElo "1579"]
[BlackElo "1430"]
[Annotator "Admin"]
[PlyCount "91"]
[EventDate "2012.09.17"]
[EventType "tourn"]
[EventRounds "1"]
[EventCountry "POL"]
[SourceDate "2012.09.17"]

1. d4 d5 2. c4 c6 3. Nf3 Bf5 4. e3 e6 5. Nc3 Nf6 6. Bd3 Bxd3 7. Qxd3 Bb4 8. O-O
Nbd7 9. a3 Bxc3 10. Qxc3 Nb6 11. Ne5 Ne4 12. Qc2 O-O 13. f3 Nf6 14. b4 dxc4 15.
Nxc4 Nxc4 16. Qxc4 Qd5 17. Qxd5 exd5 18. Re1 Rfe8 19. Bd2 b5 20. a4 a6 21. Rec1
Rac8 22. axb5 axb5 23. Ra7 Red8 24. Rca1 Rd7 25. Be1 h6 $11 26. Bg3 Rxa7 27.
Rxa7 Kf8 28. Bd6+ Kg8 29. Kf2 Rd8 30. Be7 Rd7 31. Ra8+ Kh7 32. Bxf6 gxf6 33.
Rc8 Rd6 34. Kg3 Re6 $11 35. Kf4 Kg6 36. g4 h5 37. gxh5+ Kxh5 38. Rf8 Kg6 39.
Rg8+ Kh7 40. Rg1 Kh6 $11 41. e4 dxe4 42. fxe4 Rd6 43. Rd1 Kg6 44. d5 Rd7 45.
Rg1+ Kh5 46. dxc6 1-0

[Event "114th YMCA Autumn D"]
[Site "Chylice"]
[Date "2012.09.21"]
[Round "1"]
[White "Chylewski, Daniel"]
[Black "Moscicki, Slawomir"]
[Result "1-0"]
[WhiteElo "1302"]
[BlackElo "1412"]
[PlyCount "71"]
[EventDate "2012.09.17"]
[EventType "tourn"]
[EventRounds "1"]
[EventCountry "POL"]
[SourceDate "2012.09.17"]

1. d4 f5 2. c4 Nf6 3. Nc3 g6 4. Bf4 Bg7 5. e3 O-O 6. Nf3 d6 7. Bd3 e6 8. O-O
Nc6 9. Qb3 Qe8 10. Rfd1 h6 11. c5 Nh5 12. Nb5 Qd7 13. Bg3 Nxg3 14. hxg3 a6 15.
Qa3 d5 16. Rac1 e5 17. dxe5 Nxe5 18. Nxe5 Bxe5 19. c6 bxc6 20. Bc4 Qf7 21. Bb3
Bb7 22. Nd4 Bd6 23. Qa4 c5 24. Nc6 c4 25. Rxc4 Qd7 26. Rxd5 Kg7 27. Rcc5 Rf6
28. Qc4 Qe8 29. Ba4 Bxc5 30. Rxc5 Bxc6 31. Bxc6 Rxc6 32. Rxc6 Rd8 33. Rxc7+ Rd7
34. Qd4+ Kf8 35. Qxd7 h5 36. Qg7# 1-0

[Event "114th YMCA Autumn D"]
[Site "Chylice"]
[Date "2012.09.24"]
[Round "2"]
[White "Piotrowicz, Jakub"]
[Black "Chylewski, Daniel"]
[Result "1-0"]
[WhiteElo "1430"]
[BlackElo "1302"]
[PlyCount "91"]
[EventDate "2012.09.17"]
[EventType "tourn"]
[EventRounds "1"]
[EventCountry "POL"]
[SourceDate "2012.09.17"]

1. d4 d5 2. c4 e6 3. Nc3 Nf6 4. Bg5 Nbd7 5. e3 c6 6. Bd3 Qa5 7. Bxf6 Nxf6 8.
Nge2 Bb4 9. O-O O-O 10. Qb3 Re8 11. c5 e5 12. Nb1 exd4 13. exd4 Bd2 14. Qc2 Bh6
15. h3 Bd7 16. a3 Re7 17. b4 Qc7 18. Nd2 Rae8 19. Nf3 Ne4 20. Ne5 f6 21. Bxe4
fxe5 22. Bxh7+ Kh8 23. Bg6 Rf8 24. dxe5 Qxe5 25. Ng3 Bf4 26. Qd3 Be8 27. Bxe8
Rfxe8 28. Ra2 Bxg3 29. Qxg3 Qxg3 30. fxg3 Kh7 31. Rf4 Re4 32. Rxe4 Rxe4 33. Kf2
Kg6 34. Kf3 Kf6 35. h4 Ke5 36. Re2 Rxe2 37. Kxe2 Ke4 38. g4 Kf4 39. g5 Kg4 40.
g3 Kf5 41. Ke3 Kg4 42. a4 a6 43. a5 Kf5 44. Kf3 Ke5 45. g4 d4 46. h5 1-0

[Event "114th YMCA Autumn D"]
[Site "Chylice"]
[Date "2012.09.21"]
[Round "2"]
[White "Moscicka, Pola"]
[Black "Chylewski, Patryk"]
[Result "1/2-1/2"]
[WhiteElo "1399"]
[BlackElo "1579"]
[Annotator "Admin"]
[PlyCount "111"]
[EventDate "2012.09.17"]
[EventType "tourn"]
[EventRounds "1"]
[EventCountry "POL"]
[SourceDate "2012.09.17"]

1. d4 Nf6 2. c4 g6 3. Nc3 d5 4. e3 Bg7 5. Nf3 O-O 6. b3 b6 7. Ba3 Bb7 8. Rc1
Nbd7 9. Qc2 Rc8 10. cxd5 Nxd5 11. Nxd5 Bxd5 12. Ba6 Bxf3 13. gxf3 Ra8 14. Qxc7
Qxc7 15. Rxc7 Nf6 16. Rxe7 Nd5 17. Rd7 Rfd8 18. Rxd8+ Rxd8 19. Kd2 Nc7 20. Bd3
Bf8 21. Bxf8 Kxf8 22. Rc1 Rd7 23. f4 f5 24. Rc6 Kg7 25. h4 Kh6 26. Rc1 Nd5 27.
a3 Nf6 28. f3 Kh5 29. Rh1 Nd5 30. Bc4 Nc7 31. Ke2 b5 32. Bd3 Nd5 33. Kf2 a6 34.
a4 bxa4 35. bxa4 a5 36. Bb5 Rc7 37. Re1 Rc2+ 38. Kg3 Nc3 39. e4 Nxb5 40. axb5
fxe4 41. Rxe4 Rb2 42. Re5+ Kh6 43. d5 Rxb5 44. d6 Rb6 45. Rd5 Rb8 46. Rxa5 Rd8
47. Rd5 Kg7 48. Kg4 Kf6 49. d7 h5+ 50. Kg3 Ke6 51. Rd4 Kf6 52. Kf2 Ke6 53. Kg3
Kf6 $11 54. Rd6+ Kf5 55. Rd1 Ke6 56. Rd4 1/2-1/2

[Event "114th YMCA Autumn D"]
[Site "Chylice"]
[Date "2012.09.24"]
[Round "2"]
[White "Golecka, Jadwiga"]
[Black "Wisniewski, Jacek"]
[Result "0-1"]
[WhiteElo "1280"]
[BlackElo "1438"]
[PlyCount "60"]
[EventDate "2012.09.17"]
[EventType "tourn"]
[EventRounds "1"]
[EventCountry "POL"]
[SourceDate "2012.09.17"]

1. e4 c6 2. d4 d5 3. exd5 cxd5 4. Nf3 g6 5. Be3 f6 6. Bd3 Nh6 7. h3 Nf7 8. Nbd2
Bg7 9. c3 O-O 10. Nb3 e5 11. dxe5 fxe5 12. Bc5 Re8 13. Bb5 Bd7 14. Qd3 e4 15.
Qd2 exf3+ 16. Be3 fxg2 17. Rg1 Bxb5 18. O-O-O Nc6 19. Nc5 b6 20. Nb3 Nce5 21.
Rxg2 Nc4 22. Qe1 Nxe3 23. fxe3 Rxe3 24. Qf2 Rxh3 25. Nd4 Bh6+ 26. Kb1 Be3 27.
Qe1 Bxd4 28. Rxd4 Bd3+ 29. Ka1 Qe8 30. Qd2 Rh1+ 0-1

[Event "114th YMCA Autumn D"]
[Site "Chylice"]
[Date "2012.09.26"]
[Round "2"]
[White "Gajda, Stanislaw"]
[Black "Duniec, Mateusz"]
[Result "0-1"]
[WhiteElo "1637"]
[BlackElo "1617"]
[PlyCount "68"]
[EventDate "2012.09.17"]
[EventType "tourn"]
[EventRounds "1"]
[EventCountry "POL"]
[SourceDate "2012.09.17"]

1. e4 c5 2. Nf3 d6 3. d4 cxd4 4. Nxd4 Nf6 5. Nc3 g6 6. Bg5 Bg7 7. Bc4 O-O 8. f4
Qa5 9. Qd2 Nc6 10. Nxc6 bxc6 11. Bd3 Rb8 12. Rb1 Ba6 13. Nd1 Qb6 14. Bxa6 Qxa6
15. Nc3 Rb4 16. Qd3 Qb6 17. b3 Ng4 18. Nd1 Rd4 19. Qf3 Qb4+ 20. c3 Rxe4+ 21.
Kf1 Qb5+ 22. c4 Qf5 23. h3 Re3 24. Nxe3 Nxe3+ 25. Ke2 Bd4 26. Rhc1 f6 27. g4
Qa5 28. Qe4 Qxa2+ 29. Kd3 e5 30. fxe5 fxg5 31. Qxd4 Rf3 32. Ke4 Qg2 33. Kd3
Nf5+ 34. Ke4 Qe2+ 0-1

[Event "114th YMCA Autumn D"]
[Site "Chylice"]
[Date "2012.09.28"]
[Round "2"]
[White "Golecki, Jan"]
[Black "Rylska, Kamila"]
[Result "1-0"]
[WhiteElo "1354"]
[BlackElo "1361"]
[PlyCount "113"]
[EventDate "2012.09.17"]
[EventType "tourn"]
[EventRounds "1"]
[EventCountry "POL"]
[SourceDate "2012.09.17"]

1. e4 e5 2. f4 exf4 3. Nf3 Nc6 4. d4 d5 5. e5 Bg4 6. Bb5 Qd7 7. O-O a6 8. Bxc6
Qxc6 9. Bxf4 Ne7 10. Nc3 Nf5 11. Qd3 Qg6 12. Nxd5 Qc6 13. Ne3 Bxf3 14. Qxf5 Be4
15. Qg4 h5 16. Qe2 Be7 17. Rad1 g5 18. Bg3 h4 19. Be1 h3 20. d5 Qg6 21. Bc3
hxg2 22. Nxg2 g4 23. e6 f6 24. Rf4 Bf3 25. Rxf3 gxf3 26. Qxf3 O-O-O 27. Rf1
Bc5+ 28. Kh1 Rxh2+ 29. Kxh2 Rh8+ 30. Qh3 Rxh3+ 31. Kxh3 Qh5+ 32. Nh4 Qxd5 33.
Rxf6 Qh1+ 34. Kg3 Bd6+ 35. Kg4 Qg1+ 36. Kh5 Be7 37. Rf5 Qd1+ 38. Nf3 Qxc2 39.
Rf7 Qf2 40. Rxe7 Qc5+ 41. Ng5 Qxe7 42. Kg6 Qe8+ 43. Kg7 Qe7+ 44. Kg6 b5 45. Bf6
Qe8+ 46. Kf5 c5 47. Ne4 Qh5+ 48. Bg5 Qf3+ 49. Ke5 c4 50. e7 Kd7 51. Nf6+ Kc7
52. e8=Q Qe2+ 53. Ne4 Qxb2+ 54. Kd5 Qxa2 55. Bd8+ Kb7 56. Qc6+ Ka7 57. Bb6+ 1-0

[Event "114th YMCA Autumn D"]
[Site "Chylice"]
[Date "2012.10.09"]
[Round "3"]
[White "Rylska, Kamila"]
[Black "Rozycki, Wojciech"]
[Result "1-0"]
[WhiteElo "1361"]
[BlackElo "1447"]
[PlyCount "73"]
[EventDate "2012.09.17"]
[EventType "tourn"]
[EventRounds "1"]
[EventCountry "POL"]
[SourceDate "2012.09.17"]

1. e4 e6 2. d4 d5 3. exd5 exd5 4. Nf3 Bd6 5. Nc3 Nf6 6. Bg5 h6 7. Bxf6 Qxf6 8.
Nxd5 Qg6 9. Qd2 Nc6 10. c4 Qe6+ 11. Qe2 Bb4+ 12. Kd1 O-O 13. Qxe6 Bxe6 14. Nxc7
Bg4 15. Nxa8 Nxd4 16. h3 Nxf3 17. hxg4 Rd8+ 18. Kc2 Nd4+ 19. Kc1 Rxa8 20. a3
Nb3+ 21. Kb1 Re8 22. Ra2 Re1+ 23. Kc2 Nd4+ 24. Kd3 Rd1+ 25. Ke3 Nc2+ 26. Ke2
Rd2+ 27. Kf3 Nd4+ 28. Kg3 Bd6+ 29. Kh3 f5 30. f3 fxg4+ 31. Kxg4 Nc2 32. Kh3 h5
33. b4 g5 34. c5 Bc7 35. Bc4+ Kg7 36. Bb3 g4+ 37. Kh4 1-0

[Event "114th YMCA Autumn D"]
[Site "Chylice"]
[Date "2012.10.11"]
[Round "3"]
[White "Duniec, Mateusz"]
[Black "Golecki, Jan"]
[Result "1-0"]
[WhiteElo "1617"]
[BlackElo "1354"]
[PlyCount "61"]
[EventDate "2012.09.17"]
[EventType "tourn"]
[EventRounds "1"]
[EventCountry "POL"]
[SourceDate "2012.09.17"]

1. e4 d5 2. exd5 Qxd5 3. Nc3 Qa5 4. d4 c6 5. Bc4 Bf5 6. Nf3 e6 7. Bd2 Qc7 8.
Nh4 Ne7 9. g4 Bg6 10. Nxg6 hxg6 11. Qf3 Qb6 12. O-O-O Nd7 13. Rhe1 O-O-O 14.
Qxf7 Qxd4 15. Bxe6 Qf6 16. Ne4 Qh4 17. Bg5 Qxh2 18. Bxd7+ Rxd7 19. Qe8+ Kc7 20.
Qxd7+ Kb6 21. Re3 Rh3 22. Rxh3 Qxh3 23. Be3+ Ka6 24. Nc5+ Ka5 25. Qxb7 Nd5 26.
Bd2+ Nc3 27. Bxc3+ Qxc3 28. bxc3 Bxc5 29. Qxc6 Bxf2 30. Rd5+ Bc5 31. Rxc5# 1-0

[Event "114th YMCA Autumn D"]
[Site "Chylice"]
[Date "2012.10.04"]
[Round "3"]
[White "Wisniewski, Jacek"]
[Black "Gajda, Stanislaw"]
[Result "1-0"]
[WhiteElo "1438"]
[BlackElo "1637"]
[PlyCount "107"]
[EventDate "2012.09.17"]
[EventType "tourn"]
[EventRounds "1"]
[EventCountry "POL"]
[SourceDate "2012.09.17"]

1. e4 e5 2. Nf3 Nf6 3. Nc3 Nc6 4. d4 exd4 5. Nxd4 Bb4 6. Nxc6 bxc6 7. Bd3 O-O
8. O-O Re8 9. Bg5 d5 10. exd5 Bxc3 11. bxc3 cxd5 12. Qf3 Be6 13. Bb5 Rf8 14.
Bc6 Rb8 15. Rab1 Rb6 16. Bxf6 Qxf6 17. Qxf6 gxf6 18. Rxb6 cxb6 19. Bb7 Re8 20.
Re1 Re7 21. Bxd5 Kf8 22. Bb3 Rc7 23. Re3 Bxb3 24. cxb3 Rd7 25. g3 Rd1+ 26. Kg2
b5 27. a4 Rb1 28. axb5 Rxb3 29. c4 Rb4 30. Rc3 Ke7 31. Ra3 Rxc4 32. Rxa7+ Ke8
33. b6 Rb4 34. b7 Kd8 35. Ra8+ Kc7 36. Rf8 Kxb7 37. Rxf7+ Kc8 38. Rxh7 Kd8 39.
h4 Ke8 40. Kh3 Kf8 41. f4 Kg8 42. Ra7 Rb5 43. Kg4 Kh8 44. h5 Rc5 45. Kh4 Kg8
46. g4 Rc4 47. f5 Rb4 48. h6 Rc4 49. Kh5 Rb4 50. h7+ Kh8 51. Kg6 Rb8 52. Rg7
Rf8 53. Rg8+ Rxg8+ 54. hxg8=Q+ 1-0

[Event "114th YMCA Autumn D"]
[Site "Chylice"]
[Date "2012.10.09"]
[Round "3"]
[White "Chylewski, Patryk"]
[Black "Golecka, Jadwiga"]
[Result "1-0"]
[WhiteElo "1579"]
[BlackElo "1280"]
[PlyCount "105"]
[EventDate "2012.09.17"]
[EventType "tourn"]
[EventRounds "1"]
[EventCountry "POL"]
[SourceDate "2012.09.17"]

1. e4 e5 2. Nf3 Nc6 3. Bb5 a6 4. Ba4 Nf6 5. O-O b5 6. Bb3 Be7 7. Re1 O-O 8. c3
d6 9. h3 Be6 10. Bc2 Re8 11. d4 exd4 12. cxd4 d5 13. e5 Nd7 14. Bxh7+ Kxh7 15.
Qc2+ Kg8 16. Qxc6 Nb6 17. b3 Bb4 18. Bd2 Bxd2 19. Nbxd2 Bd7 20. Qc3 f6 21. exf6
Qxf6 22. Qxc7 Rac8 23. Rxe8+ Rxe8 24. Qc3 Bf5 25. Rc1 Be4 26. Nxe4 Rxe4 27. Re1
Re6 28. Re3 Rc6 29. Qd2 Re6 30. Ne5 Qe7 31. Qc2 Nd7 32. Qc8+ Nf8 33. Ng6 Qd6
34. Qxf8+ Qxf8 35. Nxf8 Rxe3 36. fxe3 Kxf8 37. Kf2 Ke7 38. e4 Ke6 39. Ke3 dxe4
40. Kxe4 Kd6 41. h4 Ke6 42. g4 Kf6 43. d5 g6 44. h5 g5 45. h6 Kg6 46. d6 Kf6
47. h7 Kg7 48. d7 Kxh7 49. d8=Q Kg6 50. Ke5 Kh6 51. Qg8 a5 52. Kf6 a4 53. Qh8#
1-0

[Event "114th YMCA Autumn D"]
[Site "Chylice"]
[Date "2012.10.12"]
[Round "3"]
[White "Chylewski, Daniel"]
[Black "Moscicka, Pola"]
[Result "0-1"]
[WhiteElo "1302"]
[BlackElo "1399"]
[PlyCount "80"]
[EventDate "2012.09.17"]
[EventType "tourn"]
[EventRounds "1"]
[EventCountry "POL"]
[SourceDate "2012.09.17"]

1. d4 Nf6 2. Nf3 e6 3. c4 c5 4. Bf4 Nc6 5. e3 Qa5+ 6. Nc3 Ne4 7. Qc2 Nxc3 8.
Qxc3 Qxc3+ 9. bxc3 b6 10. Bd3 Ba6 11. Be4 Rc8 12. Nd2 Na5 13. Bd3 d5 14. O-O
dxc4 15. Bc2 cxd4 16. exd4 Ba3 17. Rab1 O-O 18. Ba4 Bb7 19. Bd7 Rcd8 20. Bb5 h6
21. Nxc4 Nxc4 22. Bxc4 Rc8 23. Rb3 Be7 24. Be2 Bd5 25. Rb2 Rxc3 26. Ba6 Ra3 27.
Be2 Rc3 28. Ba6 Ba3 29. Re2 Bc4 30. Bxc4 Rxc4 31. Rd2 Bc1 32. Bd6 Bxd2 33. Bxf8
Kxf8 34. Rd1 Rc1 35. Rxc1 Bxc1 36. Kf1 Bb2 37. Ke2 Bxd4 38. f3 b5 39. Kd3 Be5
40. h3 a5 0-1

[Event "114th YMCA Autumn D"]
[Site "Chylice"]
[Date "2012.10.04"]
[Round "3"]
[White "Moscicki, Slawomir"]
[Black "Piotrowicz, Jakub"]
[Result "0-1"]
[WhiteElo "1412"]
[BlackElo "1430"]
[PlyCount "128"]
[EventDate "2012.09.17"]
[EventType "tourn"]
[EventRounds "1"]
[EventCountry "POL"]
[SourceDate "2012.09.17"]

1. e4 e5 2. Nf3 Nc6 3. Bb5 Bc5 4. c3 Nf6 5. d4 exd4 6. cxd4 Bb4+ 7. Bd2 Bxd2+
8. Nbxd2 O-O 9. O-O a6 10. Bxc6 dxc6 11. e5 Nd5 12. Re1 Re8 13. h3 Bf5 14. Ne4
h6 15. Ng3 Bg6 16. Qd2 b6 17. Rac1 Qd7 18. e6 Rxe6 19. Rxe6 Qxe6 20. Re1 Qd6
21. Ne5 Bh7 22. Ne4 Bxe4 23. Rxe4 Nb4 24. a3 Nd5 25. h4 Nf6 26. Rf4 Rd8 27. Qe3
Nd5 28. Nxf7 Nxe3 29. Nxd6 Nd5 30. Nf7 Rf8 31. Nxh6+ gxh6 32. Rg4+ Kh7 33. Re4
Rf4 34. Re6 Rxd4 35. Rxc6 Rxh4 36. g3 Rd4 37. Kg2 Rd2 38. b3 Rd3 39. Kh3 Rxb3
40. a4 Rb4 41. f4 Rxa4 42. f5 Kg7 43. g4 Ra3+ 44. Kh4 a5 45. Rg6+ Kh7 46. Re6
c5 47. Rd6 Rd3 48. f6 Kg6 49. f7+ Kxf7 50. Rxh6 c4 51. g5 Rd4+ 52. Kh5 Nf4+ 53.
Kg4 Ne6+ 54. Kh5 Nxg5 55. Kxg5 b5 56. Rb6 Rd5+ 57. Kf4 Rc5 58. Rb7+ Ke6 59. Ke4
c3 60. Rb6+ Kd7 61. Rb7+ Kc6 62. Ra7 Kb6 63. Ra8 c2 64. Rb8+ Ka7 0-1

[Event "114th YMCA Autumn D"]
[Site "Chylice"]
[Date "2012.10.20"]
[Round "4"]
[White "Rozycki, Wojciech"]
[Black "Piotrowicz, Jakub"]
[Result "0-1"]
[WhiteElo "1447"]
[BlackElo "1430"]
[PlyCount "67"]
[EventDate "2012.09.17"]
[EventType "tourn"]
[EventRounds "1"]
[EventCountry "POL"]
[SourceDate "2012.09.17"]

1. e4 e5 2. Nf3 Nc6 3. d4 exd4 4. Nxd4 Bc5 5. Be3 Nf6 6. Nxc6 bxc6 7. Bxc5 d6
8. Bd4 c5 9. Bc3 O-O 10. Nd2 Re8 11. Bb5 Bd7 12. Bd3 Bc6 13. Qe2 Qe7 14. f3 Nh5
15. O-O-O Nf4 16. Qf1 Reb8 17. g3 Ne6 18. f4 a5 19. f5 Ng5 20. h4 Nxe4 21. Re1
Nxd2 22. Kxd2 Qd7 23. f6 Bxh1 24. Qxh1 d5 25. Re7 Qc6 26. fxg7 Qd6 27. Bxh7+
Kxh7 28. Rxf7 d4 29. Qe4+ Kg8 30. Re7 dxc3+ 31. Kxc3 Qxg3+ 32. Kd2 Rd8+ 33. Ke2
Qh2+ 34. Kf1 0-1

[Event "114th YMCA Autumn D"]
[Site "Chylice"]
[Date "2012.10.11"]
[Round "4"]
[White "Moscicka, Pola"]
[Black "Moscicki, Slawomir"]
[Result "1-0"]
[WhiteElo "1399"]
[BlackElo "1412"]
[PlyCount "51"]
[EventDate "2012.09.17"]
[EventType "tourn"]
[EventRounds "1"]
[EventCountry "POL"]
[SourceDate "2012.09.17"]

1. e4 c5 2. Nf3 d6 3. d4 cxd4 4. Nxd4 Nc6 5. Bb5 Bd7 6. Nxc6 Bxc6 7. Bxc6+ bxc6
8. Nc3 Nf6 9. Bg5 h6 10. Bxf6 exf6 11. O-O Be7 12. Ne2 Rb8 13. b3 O-O 14. Nd4
Qd7 15. Qd3 Rfe8 16. Rad1 d5 17. Nf5 Rb5 18. c4 Rc5 19. b4 Rxc4 20. Qxc4 dxc4
21. Rxd7 Bxb4 22. Rb1 c5 23. Nd6 a5 24. Nxe8 c3 25. Rd8 c2 26. Nxf6# 1-0

[Event "114th YMCA Autumn D"]
[Site "Chylice"]
[Date "2012.10.08"]
[Round "4"]
[White "Golecka, Jadwiga"]
[Black "Chylewski, Daniel"]
[Result "0-1"]
[WhiteElo "1280"]
[BlackElo "1302"]
[PlyCount "58"]
[EventDate "2012.09.17"]
[EventType "tourn"]
[EventRounds "1"]
[EventCountry "POL"]
[SourceDate "2012.09.17"]

1. e4 e5 2. f4 d6 3. Nf3 Nc6 4. Bc4 Bg4 5. Bb5 Nge7 6. O-O a6 7. Bxc6+ Nxc6 8.
c3 exf4 9. d4 g5 10. h3 Bh5 11. Nbd2 Qd7 12. Qe1 Rg8 13. d5 Ne5 14. Nxe5 dxe5
15. Nc4 Bc5+ 16. Kh1 f6 17. b4 Ba7 18. Ba3 Rg6 19. Rd1 Bxd1 20. Qxd1 g4 21. d6
gxh3 22. Rg1 Bxg1 23. Kxg1 Rxg2+ 24. Kh1 O-O-O 25. Qf3 Rdg8 26. dxc7 Rg1+ 27.
Kh2 R8g2+ 28. Qxg2 Rxg2+ 29. Kh1 Qd1# 0-1

[Event "114th YMCA Autumn D"]
[Site "Chylice"]
[Date "2012.10.08"]
[Round "4"]
[White "Gajda, Stanislaw"]
[Black "Chylewski, Patryk"]
[Result "0-1"]
[WhiteElo "1637"]
[BlackElo "1579"]
[Annotator "Admin"]
[PlyCount "70"]
[EventDate "2012.09.17"]
[EventType "tourn"]
[EventRounds "1"]
[EventCountry "POL"]
[SourceDate "2012.09.17"]

1. e4 c5 2. Nf3 e6 3. d4 cxd4 4. Nxd4 a6 5. Nc3 b5 6. a3 Bb7 7. Be2 Qc7 8. Be3
b4 9. axb4 Bxb4 10. Bd2 Bxc3 11. Bxc3 Bxe4 12. Nxe6 dxe6 13. Bxg7 Bxg2 14. Rg1
Qxh2 15. Kd2 Qf4+ 16. Ke1 h5 17. Bxh8 Qh2 18. Kd2 h4 19. Bb5+ Ke7 20. Kc1 Nh6
21. Bd3 $11 Nd7 22. Bd4 Rg8 23. f3 Qf4+ 24. Qd2 Qxd4 25. Rxg2 Rxg2 26. Qxg2
Qe3+ 27. Kb1 Ne5 28. Qe2 Qf4 29. Be4 h3 30. b3 h2 31. Kb2 Nf5 32. Bxf5 exf5 33.
Re1 Kf6 34. Rh1 Nxf3 35. Qxa6+ Kg5 0-1

[Event "114th YMCA Autumn D"]
[Site "Chylice"]
[Date "2012.10.08"]
[Round "4"]
[White "Golecki, Jan"]
[Black "Wisniewski, Jacek"]
[Result "1-0"]
[WhiteElo "1354"]
[BlackElo "1438"]
[PlyCount "87"]
[EventDate "2012.09.17"]
[EventType "tourn"]
[EventRounds "1"]
[EventCountry "POL"]
[SourceDate "2012.09.17"]

1. e4 e5 2. f4 exf4 3. Nf3 h6 4. d4 g5 5. Bc4 d6 6. O-O Bg7 7. c3 Ne7 8. Qe2
O-O 9. Na3 Ng6 10. Nc2 Nd7 11. Bd2 Nb6 12. Bb3 Re8 13. Qd3 d5 14. exd5 Nxd5 15.
Rae1 Be6 16. c4 Nde7 17. Bc3 c5 18. d5 Bf5 19. Qd2 Bd7 20. Bxg7 Kxg7 21. Qc3+
f6 22. Nd2 Nf5 23. Rxe8 Qxe8 24. Re1 Qf7 25. Ne4 Ne5 26. Nxc5 b6 27. Nxd7 Qxd7
28. Nd4 Nxd4 29. Qxd4 Re8 30. Rc1 f3 31. c5 bxc5 32. Rxc5 fxg2 33. Kxg2 Kf8 34.
Ba4 Qg4+ 35. Qxg4 Nxg4 36. Bxe8 Kxe8 37. Kg3 f5 38. Rc7 h5 39. Rxa7 f4+ 40. Kg2
Ne3+ 41. Kf3 Nxd5 42. Ra5 g4+ 43. Ke4 Nf6+ 44. Kxf4 1-0

[Event "114th YMCA Autumn D"]
[Site "Chylice"]
[Date "2012.10.12"]
[Round "4"]
[White "Rylska, Kamila"]
[Black "Duniec, Mateusz"]
[Result "0-1"]
[WhiteElo "1361"]
[BlackElo "1617"]
[PlyCount "128"]
[EventDate "2012.09.17"]
[EventType "tourn"]
[EventRounds "1"]
[EventCountry "POL"]
[SourceDate "2012.09.17"]

1. e4 c5 2. Nf3 d6 3. d4 cxd4 4. Nxd4 Nf6 5. Nc3 g6 6. Bb5+ Bd7 7. Bxd7+ Nbxd7
8. Bg5 Bg7 9. O-O O-O 10. Qd2 Qb6 11. Nb3 Ne5 12. Qd4 Qxd4 13. Nxd4 Nc6 14.
Nxc6 bxc6 15. Rfe1 Rfb8 16. Rab1 h6 17. Bxf6 Bxf6 18. Re3 Rb4 19. a3 Rd4 20.
Rbe1 Rb8 21. Nd1 Rd2 22. c3 Bg5 23. R3e2 Rxe2 24. Rxe2 d5 25. exd5 cxd5 26. Re5
e6 27. f3 Rb3 28. Kf2 a5 29. g3 a4 30. f4 Be7 31. Ke2 Bc5 32. Kf1 Bb6 33. Re2
d4 34. cxd4 Bxd4 35. Rd2 Bb6 36. Nc3 Ba5 37. Rd4 Bxc3 38. bxc3 Rxa3 39. c4 Rc3
40. c5 a3 41. Ra4 Rxc5 42. Rxa3 Rc2 43. h4 Kg7 44. Re3 Kf6 45. Re5 h5 46. Ke1
Rg2 47. Rg5 Kg7 48. Kf1 Rd2 49. Re5 Kf6 50. Kg1 Rd5 51. Re3 Kf5 52. Kf2 Kg4 53.
Kg2 Kf5 54. Kf3 e5 55. Rxe5+ Rxe5 56. fxe5 Kxe5 57. Ke3 f6 58. Kf3 Kf5 59. Ke3
Kg4 60. Kf2 f5 61. Kg2 f4 62. gxf4 Kxf4 63. Kf2 Kg4 64. Kg2 Kxh4 0-1

[Event "114th YMCA Autumn D"]
[Site "Chylice"]
[Date "2012.10.18"]
[Round "5"]
[White "Duniec, Mateusz"]
[Black "Rozycki, Wojciech"]
[Result "0-1"]
[WhiteElo "1617"]
[BlackElo "1447"]
[PlyCount "52"]
[EventDate "2012.09.17"]
[EventType "tourn"]
[EventRounds "1"]
[EventCountry "POL"]
[SourceDate "2012.09.17"]

1. e4 e5 2. Nf3 Nc6 3. Bc4 Bc5 4. c3 Nf6 5. d4 exd4 6. cxd4 Bb4+ 7. Nc3 Nxe4 8.
O-O Bxc3 9. d5 Bf6 10. Re1 Ne7 11. Rxe4 d6 12. Bg5 Bxg5 13. Nxg5 h6 14. Nxf7
Kxf7 15. Qh5+ g6 16. Qf3+ Kg7 17. Rae1 Re8 18. g4 Bd7 19. Qc3+ Kh7 20. Qf6 Ng8
21. Qf7+ Kh8 22. Qxg6 Qg5 23. Qf7 Bxg4 24. Kh1 Rf8 25. Rxg4 Qxg4 26. Rg1 Qxg1+
0-1